000 00652nam a22002057a 4500
005 20251108173524.0
008 250721s2002 xx 000 0 ara d
082 1 4 _aط/923.144/محا
100 1 _aالمحامي، محمد كامل حسن
245 1 0 _aنابليون بونابرت /
264 1 _aبيروت :
_bمنشورات المكتب العالمي للطباعة والنشر،
_c2002.
300 _a119ص.
490 0 _aعباقرة خالدون
650 1 7 _aرؤساء الدول
650 1 7 _aالتراجم
650 1 7 _aفرنسا
653 _aناشئون كبار (15-18 سنة )
942 _2ddc
_cBK
999 _c105913
_d105913